|
|
|
|
| LEADER |
00000nam0a2200000 4500 |
| 001 |
146979 |
| 005 |
20231031144842.0 |
| 035 |
|
|
|a (RuTPU)RU\TPU\book\159319
|
| 090 |
|
|
|a 146979
|
| 100 |
|
|
|a 20081107d1934 k y0gery50 ba
|
| 101 |
0 |
|
|a ger
|
| 102 |
|
|
|a DE
|
| 105 |
|
|
|a a z 001zy
|
| 200 |
1 |
|
|a Blätter für Geschichte der Technik
|a Zweites Heft: Auer von Welsbach
|f F. Sedlacek
|
| 210 |
|
|
|a Wien
|c Verlag von Julius springer
|d 1934
|
| 215 |
|
|
|a 86 s.
|c il.
|
| 317 |
|
|
|5 63413507: 270587
|a Культурные ценности, перемещенные в СССР в результате Второй мировой войны
|
| 320 |
|
|
|a Schrifttum: p. 81-85.
|
| 610 |
1 |
|
|a техника
|
| 610 |
1 |
|
|a история
|
| 610 |
1 |
|
|a изобретения
|
| 610 |
1 |
|
|a технологии
|
| 610 |
1 |
|
|a немецкий язык
|
| 675 |
|
|
|a 62(09)
|v 3
|
| 700 |
|
1 |
|a Sedlacek
|b F.
|g Franz
|
| 801 |
|
1 |
|a RU
|b 63413507
|c 20081107
|g PSBO
|
| 801 |
|
2 |
|a RU
|b 63413507
|c 20090212
|g PSBO
|
| 942 |
|
|
|c BK
|